Размещение областей локализации доминирующих полюсов интервальной системы автоматического управления в заданном усеченном секторе; Известия Томского политехнического университета [Известия ТПУ]; Т. 311, № 5 : Управление, вычислительная техника и информатика

Bibliografiske detaljer
Parent link:Известия Томского политехнического университета [Известия ТПУ]/ Томский политехнический университет (ТПУ).— , 2000-
Т. 311, № 5 : Управление, вычислительная техника и информатика.— 2007.— [С. 5-9]
Hovedforfatter: Замятин С. В. Сергей Владимирович
Andre forfattere: Суходоев М. С. Михаил Сергеевич, Гайворонский С. А. Сергей Анатольевич
Summary:Заглавие с титульного листа
Электронная версия печатной публикации
Рассмотрен характеристический полином системы автоматического управления, коэффициенты которого содержат линейно входящие интервальные параметры объекта управления и настраиваемые параметры регулятора. Разработана методика определения настроек регулятора, обеспечивающих заданные корневые показатели качества интервальной системы. Приводится числовой пример.
Sprog:russisk
Udgivet: 2007
Serier:Управление, вычислительная техника и информатика
Fag:
Online adgang:http://www.lib.tpu.ru/fulltext/v/Bulletin_TPU/2007/v311/i5/01.pdf
Format: MixedMaterials Electronisk Book Chapter
KOHA link:https://koha.lib.tpu.ru/cgi-bin/koha/opac-detail.pl?biblionumber=172676

MARC

LEADER 00000nla2a2200000 4500
001 172676
005 20240126132900.0
035 |a (RuTPU)RU\TPU\book\187251 
035 |a RU\TPU\book\187130 
090 |a 172676 
100 |a 20091215d2007 k y0rusy50 ca 
101 0 |a rus 
102 |a RU 
135 |a drnn ---uucaa 
181 0 |a i  
182 0 |a b 
200 1 |a Размещение областей локализации доминирующих полюсов интервальной системы автоматического управления в заданном усеченном секторе  |f С. В. Замятин, М. С. Суходоев, С. А. Гайворонский 
203 |a Текст  |c электронный 
215 |a 1 файл (575 Кб) 
225 1 |a Управление, вычислительная техника и информатика 
300 |a Заглавие с титульного листа 
300 |a Электронная версия печатной публикации 
320 |a [Библиогр.: с. 9 (7 назв.)] 
330 |a Рассмотрен характеристический полином системы автоматического управления, коэффициенты которого содержат линейно входящие интервальные параметры объекта управления и настраиваемые параметры регулятора. Разработана методика определения настроек регулятора, обеспечивающих заданные корневые показатели качества интервальной системы. Приводится числовой пример. 
337 |a Adobe Reader 
461 1 |0 (RuTPU)RU\TPU\book\176237  |t Известия Томского политехнического университета [Известия ТПУ]  |f Томский политехнический университет (ТПУ)  |d 2000- 
463 1 |0 (RuTPU)RU\TPU\book\187250  |t Т. 311, № 5 : Управление, вычислительная техника и информатика  |v [С. 5-9]  |d 2007  |p 150 с. 
610 1 |a локализация 
610 1 |a полюсы 
610 1 |a интервальные системы 
610 1 |a усеченные секторы 
610 1 |a полиномы 
610 1 |a системы автоматического управления 
610 1 |a регуляторы 
610 1 |a числовые примеры 
610 1 |a труды учёных ТПУ 
610 1 |a электронный ресурс 
700 1 |a Замятин  |b С. В.  |c специалист в области автоматического управления  |c доцент Томского политехнического университета, кандидат технических наук  |f 1982-  |g Сергей Владимирович  |3 (RuTPU)RU\TPU\pers\25391 
701 1 |a Суходоев  |b М. С.  |c специалист в области автоматического управления  |c доцент Томского политехнического университета, кандидат технических наук  |f 1982-  |g Михаил Сергеевич  |3 (RuTPU)RU\TPU\pers\25412  |9 11354 
701 1 |a Гайворонский  |b С. А.  |c специалист в области информатики и вычислительной техники  |c доцент Томского политехнического университета, кандидат технических наук  |f 1961-  |g Сергей Анатольевич  |3 (RuTPU)RU\TPU\pers\25386  |9 11329 
801 1 |a RU  |b 63413507  |c 20090623  |g PSBO 
801 2 |a RU  |b 63413507  |c 20211118  |g PSBO 
856 4 |u http://www.lib.tpu.ru/fulltext/v/Bulletin_TPU/2007/v311/i5/01.pdf 
942 |c CF